Internet versus traditional office sales (Record no. 117361)
[ view plain ]
| 000 -LEADER | |
|---|---|
| fixed length control field | 01387cam a2200265 4500 |
| 001 - CONTROL NUMBER | |
| control field | ABS67820 |
| 008 - FIXED-LENGTH DATA ELEMENTS--GENERAL INFORMATION | |
| fixed length control field | 040517n2004 000 0 eng u |
| 035 ## - SYSTEM CONTROL NUMBER | |
| System control number | (Sirsi) u126217 |
| 100 ## - MAIN ENTRY--PERSONAL NAME | |
| Personal name | Dermisi, S. |
| 245 ## - TITLE STATEMENT | |
| Title | Internet versus traditional office sales |
| 260 ## - PUBLICATION, DISTRIBUTION, ETC. | |
| Date of publication, distribution, etc. | 2004 |
| 490 ## - SERIES STATEMENT | |
| Series statement | Property Management |
| Volume/sequential designation | 22(2) 2004, 155-165(11) |
| 520 ## - SUMMARY, ETC. | |
| Summary, etc. | Focuses on a comparison between internet and traditionally presented and transacted office properties for sale in Boston and London. Provides a better understanding of the effect of the internet on the real estate office market based on a data driven, rather than an opinion based study. A study of both cities for a six-month period, from September 2000 to February 2001, indicated that small properties are more likely to be sold through the internet than in the traditional office market. Moreover, in both cities, there are differences in the distributions of price per square foot and area in square feet between internet and traditionally transacted office properties. Maps, tables and references. [Taken from journal abstract]. |
| 590 ## - LOCAL NOTE (RLIN) | |
| Local note | ABS |
| 590 ## - LOCAL NOTE (RLIN) | |
| Local note | ABS |
| 650 ## - SUBJECT ADDED ENTRY--TOPICAL TERM | |
| Topical term or geographic name entry element | INTERNET MARKETING |
| 650 ## - SUBJECT ADDED ENTRY--TOPICAL TERM | |
| Topical term or geographic name entry element | OFFICE BUILDINGS |
| 650 ## - SUBJECT ADDED ENTRY--TOPICAL TERM | |
| Topical term or geographic name entry element | UNITED STATES |
| 650 ## - SUBJECT ADDED ENTRY--TOPICAL TERM | |
| Topical term or geographic name entry element | UNITED KINGDOM |
| 650 ## - SUBJECT ADDED ENTRY--TOPICAL TERM | |
| Topical term or geographic name entry element | OFFICE MARKET |
| 650 ## - SUBJECT ADDED ENTRY--TOPICAL TERM | |
| Topical term or geographic name entry element | BOSTON |
| 650 ## - SUBJECT ADDED ENTRY--TOPICAL TERM | |
| Topical term or geographic name entry element | LONDON |
| 690 ## - LOCAL SUBJECT ADDED ENTRY--TOPICAL TERM (OCLC, RLIN) | |
| Topical term or geographic name as entry element | COMMERCIAL PROPERTY-MARKET |
| 942 ## - ADDED ENTRY ELEMENTS (KOHA) | |
| Suppress in OPAC | 0 |
| Withdrawn status | Lost status | Source of classification or shelving scheme | Damaged status | Not for loan | Home library | Current library | Shelving location | Date acquired | Total Checkouts | Full call number | Barcode | Date last seen | Copy number | Price effective from | Koha item type |
|---|---|---|---|---|---|---|---|---|---|---|---|---|---|---|---|
| Dewey Decimal Classification | London | London | Journal article | 17/05/2004 | ABS67820 | 126217-1001 | 06/08/2019 | 1 | 06/08/2019 | Journal article |